Švédsko-slovenský seminár o bezpečnosti v cestnej premávke

Bibliographic Details
Format: Article
Language:Slovak
ISSN:1337-0138
Subjects:

MARC

LEADER 00000nab a2200000 ar4500
001 vtls008961404
003 SK-MaSNL
005 20260303070657.0
008 070403c2007 xo mr|p|||||||000 b|slo
015 |a SNBRB2007/04  |2 snkbucl 
038 |a SNKBUCL 
040 |a SNKBUCL  |b slo  |c SNKBUCL  |e AACR2 
041 0 |a slo 
044 |a xo  |c SK 
080 |a 656.1.05:061.3  |2 2001 
080 |a 351.811.122:061.3  |2 2001 
245 0 0 |a Švédsko-slovenský seminár o bezpečnosti v cestnej premávke 
648 7 |a november 2006  |2 snkbucl  |9 1068409 
650 0 7 |a bezpečnosť cestnej premávky  |2 snkbucl  |9 69807 
650 0 7 |a semináre  |2 snkbucl  |9 18562 
773 0 |t Doprava a logistika  |g Roč. 2., č. 1 (2007), s. 35  |x 1337-0138 
852 |a SNK  |b KIS3GCP 
999 |c 1756465  |d 1758395